000 00653nam a2200217 4500
001 139237
003 ES-MaACL
005 20230906195731.0
007 t|
008 070214s1957 sp r ||||1| spa d
100 1 _aSaroyan, William.
_9103843
245 1 0 _aMi nombre es Aram /
_cWilliam Saroyan ; traducción del inglés por Luis Landínez.
250 _a1ª. ed.
260 _aBarcelona :
_bJosé Janés,
_c1957.
300 _a187 p. :
_bil. ;
_c17 cm.
490 1 _aEl club de los lectores
700 1 _aLandínez, Luis.
_969957
830 0 _aEl club de los lectores
_9181015
852 _aES-MaACL
_jC-13514
_bR.40938
999 _c139237
_d139237